[Event "3rd ch-Euro Senior"]
[Site "Saint Vincent ITA"]
[Date "2003.09.22"]
[Round "6"]
[White "Hecht,HJ"]
[Black "Tseitlin,Ma"]
[Result "0-1"]
[WhiteElo "2404"]
[BlackElo "2456"]

1.Nf3 g6 2.c4 Nf6 3.Nc3 Bg7 4.e4 d6 5.d4 O-O 6.Be2 e5 7.O-O Na6 8.Be3 Ng4
9.Bg5 Qe8 10.Re1 f6 11.Bh4 h5 12.h3 Nh6 13.Bf1 Nf7 14.a3 c6 15.b4 Bd7 16.Rb1 Nc7
17.d5 cxd5 18.cxd5 Nb5 19.Nxb5 Bxb5 20.Bxb5 Qxb5 21.g4 hxg4 22.hxg4 Qd7 23.Nh2 Rac8
24.Qb3 Bh6 25.Bxf6 Ng5 26.Bxg5 Bxg5 27.Rb2 Bf4 28.f3 Rc7 29.Rc2 Rxc2 30.Qxc2 Bxh2+
31.Qxh2 Rxf3 32.Kh1 Qxg4  0-1

[Event "Saipa Cup"]
[Site "Tehran IRI"]
[Date "2003.09.22"]
[Round "10"]
[White "Ghorbani,M"]
[Black "Guliev,L"]
[Result "1/2-1/2"]
[WhiteElo "2353"]
[BlackElo "2369"]

1.d4 Nf6 2.c4 g6 3.Nc3 Bg7 4.e4 d6 5.Be2 O-O 6.Nf3 Nbd7 7.O-O e5 8.Be3 Re8
9.d5 a5 10.Nd2 h6 11.a3 Nh7 12.Kh1 f5  1/2-1/2

[Event "Osen I"]
[Site "Alushta UKR"]
[Date "2003.09.25"]
[Round "13"]
[White "Tishin,D"]
[Black "Kovalev,A"]
[Result "1/2-1/2"]
[WhiteElo "2310"]
[BlackElo "2554"]

1.d4 Nf6 2.c4 g6 3.Nc3 Bg7 4.e4 d6 5.Nf3 O-O 6.Be2 Nbd7 7.O-O e5 8.Qc2 c6
9.dxe5 dxe5 10.h3 Qe7 11.Be3 Nh5 12.Rfe1 Nc5 13.Rad1 Nf4 14.Bf1 a5 15.Na4 Nxa4
16.Qxa4 Ne6 17.Qc2 c5 18.a3 a4 19.Nd2 Nd4 20.Qc1 f5 21.exf5 gxf5 22.Bxd4 cxd4
23.Nf3 Qc5 24.Qg5 Kh8 25.Qh5 Ra6 26.Ng5 h6 27.f4 Qe7 28.c5 Rc6 29.Bc4 e4
30.Nf7+ Kh7 31.Ng5+ Kh8 32.Nf7+ Rxf7 33.Qxf7 Qxf7 34.Bxf7 Rxc5 35.Rc1 b6
36.b4 axb3 37.Bxb3 Ba6 38.g4 d3 39.Rxc5 bxc5 40.gxf5 Bd4+ 41.Kg2 d2 42.Rxe4 Bb7
43.Kf3 Kg7 44.Bc2 d1=Q+ 45.Bxd1 Kf6 46.Bc2 Kxf5 47.a4 c4 48.a5 h5 49.a6 Bd5
50.Bb1 h4 51.Bc2 Ba7 52.Bb1 Bc5  1/2-1/2

[Event "Osen II"]
[Site "Alushta UKR"]
[Date "2003.09.27"]
[Round "1"]
[White "Tishin,D"]
[Black "Kovalev,A"]
[Result "0-1"]
[WhiteElo "2310"]
[BlackElo "2554"]

1.d4 Nf6 2.c4 g6 3.Nc3 Bg7 4.e4 d6 5.Nf3 O-O 6.Be2 e5 7.dxe5 dxe5 8.Qxd8 Rxd8
9.Bg5 Re8 10.O-O Na6 11.Rfd1 c6 12.Rd6 Nh5 13.g3 Bg4 14.Kg2 Bf8 15.Rd2 Nc5
16.h3 Bxf3+ 17.Bxf3 Ne6 18.Be3 Nf6 19.Bg4 Nc5 20.Bf3 a5 21.Rad1 h5 22.Bg5 Kg7
23.h4 a4 24.a3 Nb3 25.Rd3 Nd4 26.Ne2 Ne6 27.Be3 Bc5 28.Bc1 Be7 29.Be3 Reb8
30.Nc3 Bc5 31.Bxc5 Nxc5 32.Rd6 Ne8 33.R6d2 Nc7 34.g4 hxg4 35.Bxg4 Rh8 36.Kg3 Ne8
37.f3 Nf6 38.Rd6 Rae8 39.R1d2 Rh6 40.Rd8 Kf8 41.Rxe8+ Kxe8 42.Rh2 Ke7 43.Kf2 Ne8
44.Kg3 Nd6 45.Rc2 f5 46.exf5 gxf5 47.Bh3 f4+ 48.Kg4 Kf6 49.h5 Nf5 50.Rd2 Rh8  0-1

[Event "2nd League TCh-SCG"]
[Site "Belgrade SCG"]
[Date "2003.09.28"]
[Round "2"]
[White "Djokic,Nen"]
[Black "Katanic Vujic,P"]
[Result "1/2-1/2"]
[WhiteElo "2289"]
[BlackElo "2308"]

1.d4 Nf6 2.c4 d6 3.Nc3 Nbd7 4.e4 e5 5.Nf3 g6 6.Be2 Bg7 7.O-O O-O 8.Qc2 c6
9.Rd1 Qe7 10.d5 c5 11.Ne1 Ne8 12.a3 f5 13.b4 b6 14.Rb1 Ndf6 15.f3 Nh5 16.Nd3 Nef6
17.bxc5 bxc5 18.Nf2 Nf4 19.g3 Nxe2+ 20.Qxe2 h5 21.exf5 Bxf5 22.Nce4 Nxe4
23.Nxe4 Rab8 24.Bg5 Qc7 25.Kg2 Kh7 26.Bd2 Bxe4 27.Qxe4 Qd7 28.h3 Bh6 29.Bxh6 Kxh6
30.h4 Qf5 31.Qxf5 gxf5 32.Kf2 Kg6 33.Rb5 a6 34.Rbb1 Kf6 35.Rdc1 Rg8 36.Rg1 e4
37.f4 Ke7 38.Rge1 Kd7 39.Rec1 Kc7 40.Re1 a5 41.Rec1 Rge8 42.Ke3 Rg8 43.Kf2 a4
44.Re1  1/2-1/2

[Event "1st ch-Mediterranean w"]
[Site "Beruit LIB"]
[Date "2003.09.28"]
[Round "3"]
[White "Mir Mahmoud,A"]
[Black "Mouradian,K"]
[Result "0-1"]
[WhiteElo "2052"]
[BlackElo "2080"]

1.d4 Nf6 2.c4 g6 3.Nc3 Bg7 4.e4 d6 5.Be2 O-O 6.Nf3 Nbd7 7.O-O e5 8.d5 Nc5
9.Nd2 a5 10.b3 Ne8 11.a3 f5 12.f3 f4 13.Rb1 g5 14.b4 axb4 15.axb4 Nd7 16.Nb3 b6
17.c5 Rf7 18.cxd6 cxd6 19.Nb5 Ndf6 20.Bd2 h5 21.Be1 Bf8 22.Qc2 Rg7 23.Bf2 Nh7
24.Ra1 Rxa1 25.Rxa1 Bd7 26.Ra6 g4 27.Bxb6 Qh4 28.Ra7 Qe1+ 29.Bf1 Bxb5 30.Ra1 Qxb4
31.Ba5 Bd3 32.Qxd3 Qb7 33.Be2 Qa7+ 34.Kf1 g3 35.hxg3 fxg3 36.Be1 Qe7 37.Bd2 Qh4
38.Ke1 Qh1+ 39.Bf1 h4 40.Be3 h3 41.Qe2 h2 42.Qb5 Qg1 43.Bxg1 hxg1=Q 44.Qxe8 Qe3+
45.Be2 Qxb3 46.Qe6+ Kh8 47.Ra8 Qc3+ 48.Kd1 Qc7 49.Qh6 Kg8 50.Qe6+ Kh8 51.Qh6 Rg8
52.Qe6 Qe7 53.Qh3 Qg5 54.Ra7 Bh6  0-1

[Event "1st ch-Mediterranean w"]
[Site "Beruit LIB"]
[Date "2003.09.28"]
[Round "3"]
[White "Collas,S"]
[Black "Srebrnic,A"]
[Result "1/2-1/2"]
[WhiteElo "2352"]
[BlackElo "2243"]

1.Nf3 Nf6 2.c4 g6 3.Nc3 Bg7 4.e4 d6 5.d4 O-O 6.Be2 Na6 7.O-O e5 8.Be3 Ng4
9.Bc1 Nf6 10.Be3 Ng4 11.Bc1  1/2-1/2

[Event "ch-IRI"]
[Site "Mashad IRI"]
[Date "2003.09.28"]
[Round "7"]
[White "Ghane,S"]
[Black "Darban,M"]
[Result "1-0"]
[WhiteElo "2374"]
[BlackElo "2341"]

1.d4 Nf6 2.Nf3 d6 3.c4 g6 4.Nc3 Bg7 5.e4 O-O 6.Be2 e5 7.O-O Nbd7 8.Qc2 Re8
9.Rd1 exd4 10.Nxd4 Nc5 11.f3 a5 12.Ndb5 Bd7 13.Be3 Qb8 14.Rac1 Bf8 15.Bd4 Nh5
16.Bxc5 Bxb5 17.Bd4 Bc6 18.Nd5 Bh6 19.g4 Bxd5 20.cxd5 Ng7 21.Qc3 f5 22.g5 Bxg5
23.Bxg7 fxe4 24.f4 Bxf4 25.Bg4 h5 26.Be6+ Kh7 27.Rf1 Qa7+ 28.Bd4 c5 29.dxc6 Be5
30.Bxa7 Bxc3 31.Rxc3 bxc6 32.Rf7+ Kg8 33.Rf6+ Kg7 34.Bd4 c5 35.Rg3 cxd4 36.Rgxg6+ Kh8
37.Rh6+ Kg7 38.Rfg6+ Kf8 39.Rh8+ Ke7 40.Rh7+ Kd8 41.Rd7+ Kc8 42.Re7+ Kd8
43.Rxe8+ Kxe8 44.Rg8+ Ke7 45.Rxa8 Kxe6 46.Rxa5 d5 47.Kf2 d3 48.Ke3 d4+ 49.Kxe4 d2
50.Re5+ Kf6 51.Rf5+  1-0

[Event "ECC"]
[Site "Rethymnon GRE"]
[Date "2003.09.28"]
[Round "1"]
[White "Ostenstad,B"]
[Black "Movsesian,S"]
[Result "1/2-1/2"]
[WhiteElo "2469"]
[BlackElo "2647"]

1.c4 g6 2.d4 Bg7 3.e4 d6 4.Nc3 Nd7 5.Nf3 e5 6.Be2 Ngf6 7.O-O O-O 8.Re1 c6
9.Bf1 exd4 10.Nxd4 Re8 11.Rb1 a5 12.f3 Nh5 13.Be3 Be5 14.g3 Nc5 15.Qd2 a4
16.Bg2 Qa5 17.g4 Ng7 18.f4 Bf6 19.g5 Be7 20.b4 axb3 21.axb3 Qc7 22.b4 Nce6
23.Nde2 f6 24.h4 Nh5 25.Rec1 Neg7 26.b5 Bd7 27.Qb2 Reb8 28.Nd1 f5 29.b6 Qd8
30.e5 dxe5 31.Qxe5 Ba3 32.Rc2 Qf8 33.c5 Ne6 34.Qc3 Ra4 35.Bf3 Rba8 36.Bxh5 gxh5
37.Nf2 Qe7 38.Ng3 Nxf4 39.Bxf4 Rxf4 40.Nxh5 Rxh4 41.Nf6+ Kf7 42.Re1 Be6 43.Qg3 Raa4
44.Rce2 Bxc5 45.Rxe6 Bxf2+ 46.Kxf2 Qa3 47.R6e3 Qa2+ 48.R3e2 Qb3 49.Re3  1/2-1/2

[Event "Tatry Open"]
[Site "Tatranske Zruby SVK"]
[Date "2003.09.28"]
[Round "2"]
[White "Mokos,J"]
[Black "Novacek,K"]
[Result "0-1"]
[WhiteElo "2289"]
[BlackElo "2116"]

1.d4 Nf6 2.c4 g6 3.Nc3 Bg7 4.e4 d6 5.Nf3 O-O 6.Be2 e5 7.d5 h6 8.O-O Nh7 9.Ne1 f5
10.exf5 Bxf5 11.Bd3 Nd7 12.Qc2 Qe7 13.f3 a6 14.Be3 Nc5 15.Bxc5 dxc5 16.Be4 Ng5
17.Qe2 Rae8 18.Nd3 b6 19.Rad1 Nf7 20.b3 Nd6 21.Rfe1 Qh4 22.Nf2 h5 23.a3 Bxe4
24.Ncxe4 Nf5 25.b4 Nd4 26.Qd3 Qe7 27.bxc5 bxc5 28.Rb1 Rb8 29.Rxb8 Rxb8 30.Rb1 Rb6
31.Kf1 Qf8 32.Nh3 Bh6 33.Nc3 Qf5 34.Nf2 Nc2 35.Nfe4 Ne3+ 36.Kf2 Rxb1 37.Nxb1 Qf4
38.g3 Qf5 39.Ke2 Qh3  0-1

[Event "ch-IRI"]
[Site "Mashad IRI"]
[Date "2003.09.29"]
[Round "8"]
[White "Ghorbani,M"]
[Black "Moradiabadi,E"]
[Result "1-0"]
[WhiteElo "2353"]
[BlackElo "2354"]

1.d4 Nf6 2.Nf3 g6 3.c4 Bg7 4.Nc3 d6 5.e4 O-O 6.Be2 e5 7.O-O Na6 8.Be3 Qe8
9.dxe5 dxe5 10.Nd2 Nd7 11.Nb3 b6 12.Rc1 Bb7 13.a3 Rd8 14.Qc2 f5 15.f3 f4
16.Bf2 c6 17.c5 Kh8 18.Rfd1 Nc7 19.Rd6 Bf6 20.Rcd1 Be7 21.R6d2 Bc8 22.Na2 b5
23.Nb4 Nb8 24.Qc3 Bf6 25.Rxd8 Bxd8 26.Rxd8 Qxd8 27.Qxe5+ Kg8 28.Bd4 Kf7 29.Qg7+ Ke8
30.Be5 Qd7 31.Qh6 Nba6 32.Nxa6 Nxa6 33.Bd6 Rf7 34.Nd4 Nc7 35.Qg5 Ne6 36.Qe5 Re7
37.Qh8+ Nf8 38.Bd1  1-0

[Event "ECC"]
[Site "Rethymnon GRE"]
[Date "2003.09.29"]
[Round "2"]
[White "Herndl,H"]
[Black "Grivas,E"]
[Result "0-1"]
[WhiteElo "2334"]
[BlackElo "2492"]

1.d4 Nf6 2.c4 g6 3.Nc3 Bg7 4.e4 d6 5.Nf3 O-O 6.Be2 Nbd7 7.O-O e5 8.Be3 h6
9.dxe5 Ng4 10.Bd2 dxe5 11.h3 Ngf6 12.Be3 c6 13.Qd2 Kh7 14.b4 Nh5 15.c5 Nf4
16.Bc4 Qf6 17.Ne1 Re8 18.Kh2 Nf8 19.Rd1 h5 20.Nc2 N8e6 21.Ne2 a5 22.a3 axb4
23.axb4 Ng5 24.Nxf4 exf4 25.Bd4 Nxe4 26.Bxf6 Nxd2 27.Rxd2 Bxf6 28.Bxf7 Re7
29.Bb3 Bf5 30.Rfd1 Bc3 31.Rd6 Re2 32.Nd4 Bxd4 33.R1xd4 Rxf2 34.Rd2 Rxd2 35.Rxd2 Ra1
36.Rd4 Rb1 37.Bd1 h4 38.Bg4 Bxg4 39.hxg4 Kh6 40.Rxf4 Kg5 41.Re4 Kf6 42.g3 Kg5
43.gxh4+ Kxh4 44.Kg2 Rb3 45.Kf2 g5 46.Ke2 Kg3 47.Kd2 Kf3 48.Rd4 Ra3 49.Rd7 Ra7
50.Rd4 Ra8 51.Rd7 Rb8 52.Rd4 Rg8 53.Kd3 Rg7 54.Kd2 Re7 55.Kc3 Re3+ 56.Kc4 Re4
57.Rxe4 Kxe4 58.Kb3 Kd3 59.Ka4 Kc4 60.Ka3 Kc3 61.Ka4 Kb2  0-1

[Event "Osen II"]
[Site "Alushta UKR"]
[Date "2003.09.30"]
[Round "5"]
[White "Tishin,D"]
[Black "Nalbandian,T"]
[Result "0-1"]
[WhiteElo "2310"]
[BlackElo "2478"]

1.d4 Nf6 2.c4 g6 3.Nc3 Bg7 4.e4 d6 5.Nf3 O-O 6.Be2 Na6 7.O-O e5 8.Re1 c6
9.Bf1 Bg4 10.d5 Nb4 11.Be2 a5 12.h3 Bd7 13.dxc6 Bxc6 14.Bf1 a4 15.Bg5 a3
16.b3 h6 17.Bd2 Na6 18.Qc2 Nc5 19.b4 Ne6 20.Nd5 Nd4 21.Nxf6+ Qxf6 22.Nxd4 exd4
23.Qd3 b6 24.b5 Bb7 25.Bb4 Rfe8 26.g3 Ra4 27.Rab1 Re6 28.Bg2 Qe7 29.Bxa3 f5
30.f3 Qg5 31.exf5 Re3 32.Rxe3 Qxe3+ 33.Qxe3 dxe3 34.Rb3 Bd4 35.Kf1 Rxc4 36.Bb2 e2+
37.Ke1 Bc5 38.a3 Rc2 39.fxg6 Bd5 40.Rd3 Rxb2 41.Rxd5 Bxa3 42.Rd4 Bb4+ 43.Rxb4 Rxb4
44.Kxe2 Rb2+ 45.Kf1 Rxb5 46.f4 Rb1+ 47.Kf2 Rb2+ 48.Kf3 Kg7 49.f5 b5 50.Bf1 b4
51.Bd3 b3 52.h4 Rh2 53.g4 b2  0-1

[Event "75th NY Masters"]
[Site "New York USA"]
[Date "2003.09.30"]
[Round "3"]
[White "Bonin,J"]
[Black "Privman,B"]
[Result "0-1"]
[WhiteElo "2368"]
[BlackElo "2222"]

1.d4 Nf6 2.c4 d6 3.Nc3 g6 4.e4 Bg7 5.Nf3 O-O 6.Be2 e5 7.dxe5 dxe5 8.Qxd8 Rxd8
9.Bg5 Nbd7 10.O-O-O Rf8 11.Nd5 c6 12.Ne7+ Kh8 13.Be3 Re8 14.Nxc8 Rexc8 15.Ng5 Kg8
16.Bg4 Rc7 17.Bxd7 Nxd7 18.Rd2 Bf6 19.Rhd1 Nf8 20.Nf3 Kg7 21.g4 h6 22.h4 Ne6
23.g5 hxg5 24.hxg5 Be7 25.Rd7 Rac8 26.Bxa7 Bxg5+ 27.Nxg5 Nxg5 28.Bb6 Rxd7
29.Rxd7 Nxe4 30.b3 c5 31.Rxb7 Nxf2 32.a4 g5 33.a5 Nd3+ 34.Kd2 Nb4 35.Ke3 Kg6
36.Ke4 g4 37.Bxc5 Rxc5 38.Rxb4 f5+ 39.Ke3 Rxa5 40.Rb5 Ra1 41.c5 f4+ 42.Kd2 g3
43.Rb8 Kf7 44.c6 g2 45.c7 g1=Q 46.Rf8+ Kxf8 47.c8=Q+ Kg7 48.Qd7+ Kh6 49.Qe6+ Qg6
50.Qh3+ Kg5 51.Qg2+ Kf5 52.Qd5 Ra2+ 53.Kc3 Kg4 54.Qd1+ f3 55.Qg1+ Rg2 56.Qe3 Qc2+
57.Kb4 Qd2+  0-1

[Event "ECC"]
[Site "Rethymnon GRE"]
[Date "2003.09.30"]
[Round "3"]
[White "Brittner,S"]
[Black "Souleidis,G"]
[Result "1/2-1/2"]
[WhiteElo "2245"]
[BlackElo "2382"]

1.d4 Nf6 2.c4 g6 3.Nc3 Bg7 4.e4 d6 5.Nf3 O-O 6.Be2 e5 7.O-O Na6 8.Rb1 c6
9.b4 exd4 10.Nxd4 Re8 11.f3 Nxb4 12.Rxb4 c5 13.Rb3 cxd4 14.Nb5 Nh5 15.Nxd4 Qh4
16.Nb5 Be5 17.f4 Bxf4 18.Bxf4 Nxf4 19.Bf3 Qg5 20.Kh1 Re7 21.Nxd6 Be6 22.Rb5 Qh6
23.Qd2 Rd8 24.Be2 Rxd6 25.Qxd6 Nxe2 26.Rb2 Bxc4 27.Qxe7 Ng3+ 28.Kg1 Qe3+
29.Rbf2 Nxf1 30.Qe8+ Kg7 31.Qe5+ Kh6 32.Qe7 Nd2 33.Qh4+ Kg7 34.Qf6+  1/2-1/2

[Event "ECC"]
[Site "Rethymnon GRE"]
[Date "2003.09.30"]
[Round "3"]
[White "Lugovoi,A"]
[Black "Paehtz,T sr"]
[Result "1-0"]
[WhiteElo "2566"]
[BlackElo "2441"]

1.d4 Nf6 2.c4 g6 3.Nc3 Bg7 4.e4 d6 5.Nf3 O-O 6.Be2 e5 7.d5 a5 8.Bg5 h6 9.Bh4 Na6
10.O-O Qe8 11.Ne1 Nc5 12.Nb5 g5 13.Bg3 Qe7 14.f3 Nh5 15.Bf2 Nf4 16.Nc2 f5
17.Bxc5 dxc5 18.Ne3 Nxe2+ 19.Qxe2 f4 20.Nf5 Bxf5 21.exf5 e4 22.Qxe4 Rae8
23.Qe6+ Qf7 24.Qxf7+ Rxf7 25.Rae1 Rxe1 26.Rxe1 Bxb2 27.Re6 Kh7 28.Kf2 Bg7
29.Ke2 Bf8 30.Kd3 c6 31.Nd6 Bxd6 32.Rxd6 Rxf5 33.Ke4 Rf7 34.Rd8 Re7+ 35.Kf5 cxd5
36.cxd5 Re2 37.d6 Rxg2 38.Rd7+ Kg8 39.Kg6  1-0

[Event "Tatry Open"]
[Site "Tatranske Zruby SVK"]
[Date "2003.09.30"]
[Round "5"]
[White "Ruzicka,M"]
[Black "Jelen,P"]
[Result "0-1"]
[WhiteElo "2075"]
[BlackElo "2206"]

1.d4 Nf6 2.Nf3 g6 3.c4 Bg7 4.Nc3 O-O 5.e4 d6 6.Be2 Nbd7 7.O-O e5 8.d5 Nc5
9.Qc2 a5 10.Bg5 h6 11.Bxf6 Bxf6 12.a3 a4 13.Nd2 Bg5 14.b4 axb3 15.Nxb3 Nxb3
16.Qxb3 b6 17.Nb5 f5 18.f3 f4 19.a4 Bh4 20.Ra2 h5 21.Rfa1 g5 22.a5 bxa5 23.Qc3 g4
24.Rxa5 Rxa5 25.Rxa5 Bg3 26.hxg3 fxg3 27.Kf1 Qh4 28.Ke1 Qh1+ 29.Kd2 Qxg2
30.Ra8  0-1

[Event "2nd League TCh-SCG"]
[Site "Belgrade SCG"]
[Date "2003.10.01"]
[Round "5"]
[White "Katanic Vujic,P"]
[Black "Djuran,N"]
[Result "1-0"]
[WhiteElo "2308"]
[BlackElo "2213"]

1.Nf3 Nf6 2.c4 g6 3.Nc3 Bg7 4.e4 O-O 5.d4 d6 6.Be2 e5 7.Be3 Nbd7 8.O-O c6
9.d5 Nc5 10.Nd2 cxd5 11.cxd5 a5 12.a3 Ne8 13.b4 axb4 14.axb4 Rxa1 15.Qxa1 Na6
16.Qa3 f5 17.b5 Nb8 18.f3 f4 19.Bf2 g5 20.Na4 Nd7 21.Nc4 Rf6 22.Rc1 g4 23.Ncb6 g3
24.hxg3 fxg3 25.Bxg3 Nxb6 26.Nxb6 Qxb6+ 27.Bf2 Qd8 28.Qa8 Nc7 29.Qb8 Rf7
30.b6 Bh6 31.bxc7 Qf8 32.Ra1 Re7 33.Bb5  1-0

[Event "ECC Women"]
[Site "Rethymnon GRE"]
[Date "2003.10.01"]
[Round "4"]
[White "Peng Zhaoqin"]
[Black "Kovalevskaya,E"]
[Result "1/2-1/2"]
[WhiteElo "2438"]
[BlackElo "2443"]

1.d4 Nf6 2.c4 d6 3.Nf3 g6 4.Nc3 Bg7 5.e4 O-O 6.Be2 e5 7.O-O Nbd7 8.Re1 c6
9.Bf1 a5 10.dxe5 dxe5 11.Na4 Qc7 12.c5 Nh5 13.Be3 Rb8 14.Nd2 Ndf6 15.f3 Be6
16.Nc4 Ne8 17.Qd2 f5 18.Qxa5 fxe4 19.Qxc7 Nxc7 20.Nd2 exf3 21.Nxf3 Nf4 22.Nb6 Rbe8
23.Ng5 Bd5 24.g3 h6 25.Nh3 Nfe6 26.b3 Bf3 27.Rac1 Nd5 28.Nxd5 cxd5 29.c6 d4
30.Bd2 Bxc6 31.Bd3 Kh7 32.Nf2 Rf7 33.b4 Ng5 34.Bxg5 hxg5 35.Ne4 Bxe4 36.Bxe4 g4
37.Re2 Bh6 38.Rf1 Be3+ 39.Kg2 Ref8 40.Rxf7+ Rxf7 41.h3 gxh3+ 42.Kxh3 Rd7
43.Bd3 e4 44.Bxe4 d3 45.Rxe3 d2 46.Bf3  1/2-1/2

[Event "ECC"]
[Site "Rethymnon GRE"]
[Date "2003.10.01"]
[Round "4"]
[White "Ftacnik,L"]
[Black "Relange,E"]
[Result "1-0"]
[WhiteElo "2598"]
[BlackElo "2513"]

1.d4 Nf6 2.Nf3 g6 3.c4 Bg7 4.Nc3 O-O 5.e4 d6 6.Be2 e5 7.O-O Na6 8.Re1 c6
9.Bf1 exd4 10.Nxd4 Ng4 11.h3 Qb6 12.hxg4 Qxd4 13.g5 Nc5 14.Qe2 Qe5 15.g3 Qe7
16.Bg2 Re8 17.Bd2 a6 18.Rad1 Be6 19.Be3 b5 20.e5 Bxc4 21.exd6 Qd7 22.Qc2 Nb7
23.Na4 bxa4 24.Qxc4 Rac8 25.Kf1 Nd8 26.Qxa6 c5 27.Qxc8  1-0

[Event "ECC"]
[Site "Rethymnon GRE"]
[Date "2003.10.01"]
[Round "4"]
[White "Ebner,H"]
[Black "Borriss,M"]
[Result "1/2-1/2"]
[WhiteElo "2256"]
[BlackElo "2445"]

1.d4 Nf6 2.c4 g6 3.Nc3 Bg7 4.e4 d6 5.Be2 O-O 6.Nf3 e5 7.O-O Na6 8.Be3 Ng4
9.Bg5 Qe8 10.dxe5 dxe5 11.h3 h6 12.Bd2 Nf6 13.Be3 Qe7 14.a3 c6 15.Re1 Nc5
16.Qc2 Nh5 17.Rad1 Nf4 18.Bf1 Nce6 19.g3 Nh5 20.Qd2 Kh7 21.Qd6 Qf6 22.Kg2 Rd8
23.Qb4 Bf8 24.c5 Rxd1 25.Rxd1 b6 26.Nh2 Bxc5 27.Bxc5 Nxc5 28.Ng4 Bxg4 29.hxg4 Ng7
30.Na4 Nge6 31.Nxc5 Nxc5 32.Qc4 Kg7 33.b4 Ne6 34.Rd7 Rd8 35.Qd3 Rxd7 36.Qxd7 Nd4
37.f4 exf4 38.gxf4 Ne6 39.f5 Nf4+ 40.Kf3 Qc3+ 41.Kf2 c5 42.Qe7 gxf5 43.gxf5 Nh5
44.bxc5 bxc5 45.Qd6 Qxa3 46.Bd3 Qb2+ 47.Kf3 Qd4 48.Qxd4+ cxd4 49.e5 a5 50.Ke4 a4
51.Kxd4 Ng3 52.f6+ Kf8 53.Ke3 a3 54.Bc4 Nf1+ 55.Ke2 Nh2 56.Ke3 Ng4+ 57.Kf4 Nf2
58.e6 fxe6 59.Bxe6 Nh3+ 60.Kf5 h5 61.Ba2 Nf2 62.Kg5 Ne4+ 63.Kxh5 Nxf6+ 64.Kg5 Ke7
65.Kf5 Nd7 66.Ke4  1/2-1/2

[Event "ECC"]
[Site "Rethymnon GRE"]
[Date "2003.10.01"]
[Round "4"]
[White "Ribshtein,N"]
[Black "Carlsson,D"]
[Result "0-1"]
[WhiteElo "2324"]
[BlackElo "2301"]

1.d4 Nf6 2.c4 g6 3.Nc3 Bg7 4.e4 O-O 5.Nf3 d6 6.Be2 e5 7.Be3 h6 8.O-O Ng4
9.Bc1 Nc6 10.d5 Ne7 11.Ne1 f5 12.Bxg4 fxg4 13.Nd3 Rf7 14.c5 g5 15.Be3 Ng6
16.a4 Nf4 17.a5 Bf6 18.c6 bxc6 19.dxc6 Ba6 20.Bxf4 exf4 21.b4 Bg7 22.Ra3 Rb8
23.b5 Bxb5 24.Nxb5 Rxb5 25.Qxg4 Qe8 26.Rc1 Qxe4 27.Qc8+ Kh7 28.Qa6 Rd5 29.Re1 Qf5
30.h3 Rd4 31.Nc1 Rd2 32.Rf3 Qc2 33.Kh2 Bd4 34.Nd3 Kg7 35.Rc1 Qa2 36.Nb4 Qe6
37.Nd3 d5 38.Qb5 Re2 39.Rd1 Qe4 40.Nc5 Bxc5 41.Qxc5 Rc2 42.Rc3 Rxc3 43.Qxc3+ Rf6
44.Qc5 f3 45.g3 Rd6 46.Rc1 Qe6 47.a6 Kg6 48.Rc2 d4 49.Qxa7 d3 50.Rd2 Rxc6
51.Qd4 Rd6 52.Qc3 Qe1 53.Qxc7 Rxa6 54.Rb2 Rf6 55.Qc4 d2 56.Qg8+ Kh5 57.Rc2 Qf1
58.Qe8+ Rg6 59.g4+ Kh4  0-1

[Event "ECC"]
[Site "Rethymnon GRE"]
[Date "2003.10.01"]
[Round "4"]
[White "Timoscenko,G"]
[Black "Apicella,M"]
[Result "1-0"]
[WhiteElo "2530"]
[BlackElo "2522"]

1.d4 Nf6 2.c4 g6 3.Nc3 Bg7 4.e4 d6 5.Nf3 O-O 6.Be2 e5 7.Be3 Na6 8.O-O Ng4
9.Bg5 Qe8 10.Re1 c6 11.h3 h6 12.Bc1 Nf6 13.Bf1 Qe7 14.c5 dxc5 15.dxe5 Nd7
16.Bxa6 bxa6 17.Qd6 Qe6 18.Qxe6 fxe6 19.Be3 Rxf3 20.gxf3 Nxe5 21.Red1 Nxf3+
22.Kg2 Nd4 23.Rac1 e5 24.Na4 Be6 25.Nxc5 Bxa2 26.Bxd4 exd4 27.b3 Bf8 28.Rxd4 Re8
29.f3 h5 30.Ra4 Bxc5 31.Rxc5 Bxb3 32.Rxa6 Rd8 33.Rcxc6 Rd2+ 34.Kg3 Bf7 35.Rxa7 g5
36.h4 gxh4+ 37.Kxh4 Rd3 38.Rf6  1-0

[Event "Osen II"]
[Site "Alushta UKR"]
[Date "2003.10.02"]
[Round "9"]
[White "Drozdovskij,Y"]
[Black "Nalbandian,T"]
[Result "1/2-1/2"]
[WhiteElo "2458"]
[BlackElo "2478"]

1.c4 Nf6 2.Nc3 g6 3.e4 d6 4.d4 Bg7 5.Nf3 O-O 6.Be2 Nbd7 7.O-O e5 8.Re1 c6
9.Bf1 Re8 10.d5 cxd5 11.cxd5 a6 12.a4  1/2-1/2

[Event "2nd League TCh-SCG"]
[Site "Belgrade SCG"]
[Date "2003.10.02"]
[Round "6"]
[White "Jelic,G"]
[Black "Arsovic,Z"]
[Result "0-1"]
[WhiteElo "2229"]
[BlackElo "2418"]

1.d4 Nf6 2.c4 d6 3.Nc3 Nbd7 4.e4 e5 5.Nf3 g6 6.Be2 Bg7 7.O-O O-O 8.Be3 Re8
9.d5 Ng4 10.Bg5 f6 11.Bd2 a5 12.Ne1 Nh6 13.g4 Nf7 14.Ng2 Nc5 15.Ne3 Bd7 16.Kh1 Bh6
17.Ng2 Qe7 18.f3 Kh8 19.Bxh6 Nxh6 20.Qd2 Nf7 21.Rf2 Rg8 22.h4 Kg7 23.Ne1 f5
24.Rh2 Nh6 25.gxf5 Nf7 26.fxg6 hxg6 27.Ng2 Rh8 28.Rg1 Rh6 29.Qe1 Rah8 30.Qg3 Kf8
31.f4 Ke8 32.Bg4 Bxg4 33.Qxg4 Nd3 34.Rf1 Nxf4 35.Rxf4 exf4 36.Qxf4 Ne5 37.c5 Rf8
38.Qxh6  0-1

[Event "ECC"]
[Site "Rethymnon GRE"]
[Date "2003.10.02"]
[Round "5"]
[White "Izoria,Z"]
[Black "Kempinski,R"]
[Result "1/2-1/2"]
[WhiteElo "2541"]
[BlackElo "2565"]

1.d4 Nf6 2.c4 g6 3.Nc3 Bg7 4.e4 O-O 5.Be2 d6 6.Nf3 e5 7.O-O Qe8 8.dxe5 dxe5
9.Be3 Na6 10.Nd2 Qe7 11.Nd5 Qd8 12.b4 c6 13.Nxf6+ Qxf6 14.c5 Nc7 15.Nc4 Nb5
16.Qc2 Qe7 17.Rad1 Nd4 18.Bxd4 exd4 19.Nd6 a5 20.b5 cxb5 21.Nxb5 Bd7 22.Nxd4  1/2-1/2

[Event "ECC"]
[Site "Rethymnon GRE"]
[Date "2003.10.02"]
[Round "5"]
[White "Herndl,H"]
[Black "Paehtz,E"]
[Result "1/2-1/2"]
[WhiteElo "2334"]
[BlackElo "2417"]

1.d4 d6 2.c4 Nf6 3.Nc3 Nbd7 4.e4 e5 5.Nf3 g6 6.Be2 Bg7 7.O-O O-O 8.Be3 h6
9.dxe5 dxe5 10.Nd2 Nh7 11.b4 Ng5 12.Nb3 Ne6 13.Nb5 a6 14.Na7 Qe7 15.Nxc8 Rfxc8
16.Bg4 Ndf8 17.Nc5 Rd8 18.Qa4 Nxc5 19.Bxc5 Qh4 20.f3 h5 21.Bh3 Nh7 22.Rad1 Qf4
23.g3 Qf6 24.Bd7 Nf8 25.Bxf8 Bxf8 26.a3 a5 27.bxa5 Bc5+ 28.Kh1 c6 29.Rd3 Qe7
30.Rfd1 Bd4 31.Bh3 Qc7 32.Rb3 Rdb8 33.Qb4 Rxa5 34.Qd2 Rba8 35.Qc1 Qe7 36.Rdd3 Qc5
37.Bf1 b5 38.Rd1 Rxa3 39.Rxa3 Rxa3 40.cxb5 Rc3 41.Qb1 Rxf3 42.Rc1 Rc3 43.Rxc3 Qxc3
44.bxc6 Qxc6 45.Bd3 Kg7 46.Kg2 Qc3 47.Qd1 Bc5 48.h4 Qd4 49.Qf3 f6 50.Kh3 Bb4
51.Bb5 Qg1 52.Bc4 Be1 53.Be6 Bf2 54.Bc4 Kh6 55.Qg2 Qe1 56.Qf3  1/2-1/2

[Event "7th Itau Cup"]
[Site "Sao Paulo BRA"]
[Date "2003.10.02"]
[Round "6"]
[White "Soppe,G"]
[Black "Mittelman,G"]
[Result "1/2-1/2"]
[WhiteElo "2467"]
[BlackElo "2437"]

1.d4 Nf6 2.Nf3 g6 3.c4 Bg7 4.Nc3 O-O 5.e4 d6 6.Be2 e5 7.O-O Na6 8.Be3 Ng4
9.Bg5 Qe8 10.dxe5 dxe5 11.h3 h6 12.Bd2 Nf6 13.Be3 Qe7 14.Nd5 Qd8 15.Nxf6+ Qxf6
16.c5 Nb8 17.b4 Nc6 18.b5 Rd8 19.Qc1  1/2-1/2

[Event "Osen II"]
[Site "Alushta UKR"]
[Date "2003.10.03"]
[Round "10"]
[White "Sumets,A"]
[Black "Kovalev,A"]
[Result "1/2-1/2"]
[WhiteElo "2473"]
[BlackElo "2554"]

1.d4 Nf6 2.c4 g6 3.Nc3 Bg7 4.e4 d6 5.Nf3 O-O 6.Be2 Na6 7.O-O e5 8.Re1 c6
9.Bf1 Bg4 10.d5 Nb4 11.Be2 a5 12.Rb1 Rc8 13.a3 Na6 14.Be3 Bd7 15.dxc6 Bxc6
16.Nd2 Nc5 17.f3 a4 18.b4 axb3 19.Nxb3 Ne6 20.Qd2 Ra8 21.Ra1 Re8 22.Red1 Bf8
23.Nb5 Qb8 24.a4 Rd8 25.Bb6 Rd7 26.Bf1 Nc5 27.Qb4 Qc8 28.a5 Ne6 29.Nxd6 Nd4
30.Nxc8 Bxb4 31.Nxd4 Rxc8 32.Nb5 Ra8 33.Nc7 Rxd1 34.Rxd1 Rc8 35.Nd5 Bxd5
36.cxd5 Nd7 37.Rb1 Bc3 38.Bf2 Bxa5 39.Rxb7 Rc7 40.Rb5 Bc3 41.g3 Kf8 42.d6 Rc6
43.Rd5 Rc8 44.Bb5 Rd8 45.Kf1 Bb4 46.g4 h6 47.Be3 g5 48.h4 f6 49.h5 Kf7 50.Bc4 Ke8
51.Bd2 Bxd2 52.Rxd2 Nc5 53.Kf2  1/2-1/2

[Event "ECC"]
[Site "Rethymnon GRE"]
[Date "2003.10.03"]
[Round "6"]
[White "Jacimovic,D"]
[Black "Thiede,L"]
[Result "1/2-1/2"]
[WhiteElo "2446"]
[BlackElo "2440"]

1.d4 g6 2.c4 Bg7 3.e4 d6 4.Nc3 Nf6 5.Nf3 O-O 6.Be2 Na6 7.O-O e5 8.Re1 c6
9.d5 Ne8 10.Bf1 f5 11.exf5 Bxf5 12.Ng5 Nc5 13.Be3 Bf6 14.Nf3 Ne4 15.Nxe4 Bxe4
16.Nd2 Bf5 17.Qb3 cxd5 18.cxd5 Rf7 19.Rac1 Bg5 20.Nc4 Bxe3 21.Nxe3  1/2-1/2

[Event "ECC"]
[Site "Rethymnon GRE"]
[Date "2003.10.03"]
[Round "6"]
[White "Cobb,C"]
[Black "Jones,Ri"]
[Result "1-0"]
[WhiteElo "2393"]
[BlackElo "2063"]

1.c4 Nf6 2.Nc3 g6 3.Nf3 Bg7 4.e4 d6 5.d4 O-O 6.Be2 e5 7.dxe5 dxe5 8.Qxd8 Rxd8
9.Bg5 Re8 10.Nd5 Nxd5 11.cxd5 f6 12.Be3 Bf8 13.Rc1 c6 14.O-O f5 15.Bc4 Kg7
16.exf5 Bxf5 17.Nxe5 Rxe5 18.Bd4 Nd7 19.f4 Bc5 20.Bxc5 Re4 21.Bd6 Nb6 22.dxc6 bxc6
23.Be5+  1-0

[Event "7th Itau Cup"]
[Site "Sao Paulo BRA"]
[Date "2003.10.03"]
[Round "7"]
[White "Bittencourt,J"]
[Black "Arruda,W"]
[Result "1/2-1/2"]
[WhiteElo "2330"]
[BlackElo "2082"]

1.d4 Nf6 2.c4 g6 3.Nc3 Bg7 4.e4 d6 5.Nf3 O-O 6.Be2 Na6 7.O-O e5 8.Re1 c6
9.Bf1 Bg4 10.d5 c5 11.h3 Bd7 12.a3 Nh5 13.g3 Be8 14.Rb1 h6 15.b4 f5 16.Bg2 f4
17.g4 Nf6 18.Qb3 g5 19.Rf1 Bg6 20.Ne1 h5 21.f3 Nd7 22.Nd3 hxg4 23.hxg4 Bf6
24.Na4  1/2-1/2